| 000 | 01392 a2200265 4500 | ||
|---|---|---|---|
| 003 | Nust | ||
| 005 | 20221229114409.0 | ||
| 010 | _a 90008983 | ||
| 020 | _a033355311X | ||
| 040 | _cNust | ||
| 082 | 0 | 0 | _a623.043,MUN |
| 100 | 1 |
_aMunro, Neil. _948693 |
|
| 245 | 1 | 4 |
_aElectronic combat and modern warfare : _bThe quick and the dead / _cNeil Munro. |
| 260 |
_aNew York : _bSt. Martin's Press, _c1991. |
||
| 300 |
_axi, 324 p. : _bill. ; _c22 cm. |
||
| 505 | _aThe Electromagnetic Spectrum and Surveillance Sensors (Page-1), Guidance Sensors (Page-21), Electromagnetic Interference and Electromagnetic Weapons (Page-35), Command, Control and Communication (Page-57), Electronic Warfare (Page-89), Soviet Radioelectronic Struggle (Page-123), Peacetime Electronic Warfare (Page-137), Soviet REB Conventional Warfare (Page-173), The Maturing of U.S. Electronic Combat (Page-203), Nuclear War and Electronic Combat (Page-283), Electronic Combat and War (Page-303). | ||
| 650 | 0 | _aCommand and control systems. | |
| 650 | 0 | _aElectronics in military engineering. | |
| 650 | 0 |
_aMilitary intelligence _zSoviet Union. _948695 |
|
| 650 | 0 |
_aMilitary intelligence _zUnited States. _948696 |
|
| 650 | 0 |
_aMilitary intelligence. _948697 |
|
| 651 | 0 |
_aSoviet Union _xArmed Forces _xCommunication systems. _9106327 |
|
| 651 | 0 |
_aUnited States _xArmed Forces _xCommunication systems. _999356 |
|
| 942 |
_2ddc _cBK |
||
| 999 |
_c185627 _d185627 |
||